Who's That Holding the Premier League Trophy? Quiz Stats

 Plays Quiz not verified by Sporcle

Score 0/20 Timer 05:00
3 Plays Today
% Correct
John Terry
92.7%
Eden Hazard & Thibaut Courtois & Michy Batshuayi
92.3%
Cristiano Ronaldo & Nani
92.3%
Vincent Kompany
92.1%
Alex Ferguson
91.5%
Jose Mourinho
90.8%
Thierry Henry
90.3%
Ole Gunnar Solskjær & David Beckham & Phil Neville
90.2%
Arsene Wenger & Tony Adams
89.3%
Petr Cech
89.3%
% Correct
Roberto Mancini & Carlos Tevez
89.1%
Eric Cantona
86.2%
Antonio Conte
85.5%
Wes Morgan & Claudio Ranieri
85.2%
Edu & Dennis Bergkamp & David Seaman
83.5%
Nemanja Vidic
82.1%
Alan Shearer & Chris Sutton
78.7%
Sergio Aguero
76.9%
Kenny Dalglish & Tim Sherwood
63.3%
Steve Bruce & Bryan Robson
56.6%

You're not logged in!

Compare scores with friends on all Sporcle quizzes.
OR
Log In

Show Comments

Extras

Top Quizzes Today


Score Distribution

Your Account Isn't Verified!

In order to create a playlist on Sporcle, you need to verify the email address you used during registration. Go to your Sporcle Settings to finish the process.

Report this User

Report this user for behavior that violates our Community Guidelines.

Details: